000 00763nam a2200265 a 4500
001 vtls001399293
003 NLI
005 20210627082122.0
008 121127s1948 ilu 000 d eng
039 9 _y201211271932
_zVLOAD
040 _aNLI
_beng
_cDataSoft
_eAACR2
041 1 _aengspaspa
044 _ailu
084 _a157
245 0 4 _aThe interludes of cervantes /
_ctranslated [from the Spanish] by S. Griswold Morley
260 _aPrinceton :
_bThe University Press,
_c1948
300 _ax, 223 p. ;
_c23 cm.
500 _aText in Spanish and English
650 0 _aEnglish drama
_9688423
700 1 _aMorley, S. Griswold,
_4trl
_9760523
887 _a
901 _a31017
_b29.03.1950
902 _a157 E 869
999 _aVIRTUA40
_c725755
_d725755
942 _2ddc
_cBKS